00933aab a2200205 4500001001000000003001000010005001700020008004100037022001400078040004100092041000800133100003400141245005900175520033900234650002300573773009400596942000800690945001200698999001700710768714001CO-MdFUSB20240614121600.0170524s2000 cr ||||| |||| 00| 0 spa d a1409-1968 aCO-MdFUSBbspacCO-MdFUSBdCO-MdFUSB aspa1 aSegura Carmona, Haroldeautor14aLos diez cristianos del sigloc/ Harold Segura Carmona aSin querer desconocer que "los grandes y famosos" son necesarios como fuente de inspiración y como "...gran nube de testigos..." (Heb 12:1), no podemos olvidar que el mayor acento bíblico no recae sobre grandes personalidades individuales, sino sobre comunidades organizadas a la manera de un cuerpo cuya única cabeza es Cristo. 0919aVida cristiana0 tApuntes Pastorales049442960163gVolumen 18, número 1 (2000), página 58qPágina 58 cANA aJTF-925 c60158d60158